[Event "NLD-chT9596"]
[Site "?"]
[Date "1995.??.??"]
[Round "?"]
[White "Kosashvili, Yona"]
[Black "Van den Doel, Erik"]
[Result "1-0"]
[WhiteElo "2560"]
[BlackElo "2305"]

1.e4 c5 2.Nf3 Nc6 3.Bb5 d6 4.O-O Bd7 5.Re1 Nf6 6.c3 a6 7.Bf1 Bg4 8.d3 e6
9.h3 Bh5 10.Nbd2 Be7 11.g4 Bg6 12.Nh4 Nxg4 13.Nxg6 Nxf2 14.Kxf2 hxg6 15.Kg1 Bh4
16.Re2 Qf6 17.Bg2 Ne5 18.d4 Nc6 19.Nf3 O-O-O 20.Be3 Rh5 21.Qd2 Qe7 22.Nxh4 Qxh4
23.Rf1 Qe7 24.Ref2 f6 25.b4 cxd4 26.cxd4 d5 27.exd5 exd5 28.Rc1 Kb8 29.Bf4+ Ka7
30.b5 axb5 31.Rc5 Rh4 32.Re2 Qd7 33.Rxd5 Qxd5 34.Bxd5 Rxd5 35.Kg2 Ka6 36.Re8 b6
37.Qc1 Kb7 38.Re6  1-0

[Event "NLD-chT9596"]
[Site "?"]
[Date "1995.??.??"]
[Round "?"]
[White "Tolk, Peter"]
[Black "Schwartz, AJ."]
[Result "1-0"]
[WhiteElo "2295"]
[BlackElo "2225"]

1.e4 c5 2.Nf3 Nc6 3.Bb5 g6 4.O-O Nf6 5.Re1 Bg7 6.c3 O-O 7.d4 cxd4 8.cxd4 d5
9.e5 Ne4 10.Nc3 Nxc3 11.bxc3 Na5 12.Bg5 Be6 13.Qd2 Nc4 14.Qf4 Na3 15.Bd3 Qd7
16.Bh6 Rac8 17.Rac1 Rc6 18.Qh4 f6 19.Re3 Rfc8 20.exf6 exf6 21.Rce1 Re8 22.Bxg7 Kxg7
23.g4 h6 24.Bxg6 Kxg6 25.Qh5+ Kg7 26.g5 hxg5 27.Nxg5 Rh8 28.Nxe6+ Rxe6  1-0

[Event "NLD-chT9596"]
[Site "?"]
[Date "1995.??.??"]
[Round "?"]
[White "Glek, Igor V"]
[Black "Reinderman, Dimitri"]
[Result "1-0"]
[WhiteElo "2600"]
[BlackElo "2440"]

1.e4 c5 2.Nf3 Nc6 3.Bb5 g6 4.Bxc6 dxc6 5.d3 Bg7 6.h3 e5 7.O-O b6 8.a3 Qc7
9.b4 cxb4 10.axb4 Nf6 11.Bb2 Nd7 12.Nbd2 O-O 13.Nc4 b5 14.Ne3 Nb6 15.c4 f5
16.cxb5 cxb5 17.Qb3+ Kh8 18.Rac1 Qd6 19.Rc5 Be6 20.Qc2 fxe4 21.Bxe5 Bxe5
22.Nxe5 exd3 23.Qc3 Kg8 24.N5g4 h5 25.Nf6+ Kf7 26.Rc7+ Nd7 27.Rd1 Rfd8 28.Rxd3 Qe7
29.Ned5 Bxd5 30.Nxd5 Qd6 31.Rf3+  1-0

[Event "NLD-chT9596"]
[Site "?"]
[Date "1995.??.??"]
[Round "?"]
[White "Los, Sander"]
[Black "Blees, Albert"]
[Result "0-1"]
[WhiteElo "2365"]
[BlackElo "2410"]

1.e4 c5 2.Nf3 Nc6 3.Bb5 g6 4.O-O Bg7 5.c3 Nf6 6.Re1 O-O 7.h3 d5 8.e5 Nd7
9.d4 cxd4 10.cxd4 Nb6 11.Nc3 Bf5 12.Nh4 Bd7 13.f4 Rc8 14.Bf1 Nc4 15.Nf3 Qa5
16.Qb3 b5 17.Nxd5 Be6 18.Ne3 N4xe5  0-1

[Event "NOR-ch"]
[Site "?"]
[Date "1995.??.??"]
[Round "1"]
[White "Moen, Ole Christian"]
[Black "Dannevig, Oystein"]
[Result "1-0"]
[WhiteElo "2250"]
[BlackElo "2335"]

1.e4 c5 2.Nf3 Nc6 3.Bb5 g6 4.O-O Bg7 5.Re1 Nf6 6.Nc3 O-O 7.e5 Ne8 8.Bxc6 dxc6
9.Ne4 c4 10.b3 cxb3 11.axb3 b6 12.Bb2 c5 13.Ra4 Bd7 14.Ra2 Nc7 15.d4 cxd4
16.Qxd4 Ne6 17.Qe3 Bc6 18.Nd4 Nxd4 19.Bxd4 Qd7 20.c4 Rfd8 21.Rd2 Qf5 22.Ng3 Qg4
23.h3 Qh4 24.f4 Rd7 25.Bc3 Rxd2 26.Bxd2 Rd8 27.Kh2 e6 28.Bb4 Bh6 29.Rf1 Rd7
30.Ne4 Bxe4 31.Qxe4 Qd8 32.Bd6 Bf8 33.Qc6 Bxd6 34.Rd1 f6 35.Rxd6 Rxd6 36.exd6 Kf7
37.b4 e5 38.Qd5+ Ke8 39.fxe5 fxe5 40.Qe6+ Kf8 41.Qxe5 Kf7 42.Qd5+ Ke8 43.c5  1-0

[Event "NOR-ch"]
[Site "?"]
[Date "1995.??.??"]
[Round "2"]
[White "Gullaksen, Eirik T"]
[Black "Dannevig, Oystein"]
[Result "1/2-1/2"]
[WhiteElo "2365"]
[BlackElo "2335"]

1.e4 c5 2.Nf3 Nc6 3.Bb5 g6 4.Bxc6 dxc6 5.d3 Bg7 6.O-O Nf6 7.h3 Nd7 8.c3 e5
9.Be3 O-O 10.d4 exd4 11.cxd4 Qb6 12.Qd2 cxd4 13.Bxd4 Bxd4 14.Qxd4 Qxd4 15.Nxd4 Nc5
16.Nc3 Re8 17.Rfe1 Nd3 18.Re2 Rd8 19.Nf3 Be6 20.Rd1 Rd7 21.Red2 Rad8 22.b3 f6
23.Kf1 g5 24.Ne1 Nf4 25.Rxd7 Rxd7 26.Rxd7 Bxd7 27.Ne2 Ne6 28.f3 c5 29.Kf2 Kf7
30.Ke3 a5 31.Nd3 Bb5 32.g3 c4 33.Nc3 cxb3 34.axb3 Ba6 35.Nd5  1/2-1/2

[Event "Novgorod op"]
[Site "Novgorod"]
[Date "1995.??.??"]
[Round "8"]
[White "Rublevsky, Sergei"]
[Black "Tregubov, Pavel V"]
[Result "1-0"]
[WhiteElo "2585"]
[BlackElo "2515"]

1.e4 c5 2.Nf3 Nc6 3.Bb5 e6 4.O-O Nge7 5.b3 d6 6.Bb2 a6 7.Bxc6+ bxc6 8.e5 d5
9.d3 Ng6 10.Nc3 Be7 11.Na4 O-O 12.c4 f6 13.Re1 Qc7 14.g3 a5 15.Rc1 d4 16.Ba3 Nxe5
17.Nxe5 fxe5 18.Bxc5 e4 19.Bxe7 Qxe7 20.Nb6 e3 21.fxe3 Rb8 22.Nxc8 Rbxc8
23.exd4 Qf6 24.Qe2 Qxd4+ 25.Qe3 Rcd8 26.Qxd4 Rxd4 27.Re3 a4 28.b4 a3 29.Rc3 Rb8
30.Rb3 Kf7 31.Kf2 Rd7 32.Re4 Rdb7 33.c5 Kf6 34.Ke3 e5 35.Kd2 Ra8 36.Kc3 h5
37.Rb1 Rd8 38.Rf1+ Ke6 39.Rfe1 Rd5 40.d4  1-0

[Event "Noyabrsk"]
[Site "Noyabrsk"]
[Date "1995.??.??"]
[Round "9"]
[White "Onoprienko, Vladimir"]
[Black "Stripunsky, Alexander"]
[Result "0-1"]
[WhiteElo "2350"]
[BlackElo "2495"]

1.e4 c5 2.Nf3 Nc6 3.Bb5 d6 4.d4 cxd4 5.Qxd4 Bd7 6.Bxc6 Bxc6 7.Nc3 Nf6 8.Bg5 e6
9.O-O-O Qa5 10.Rhe1 Be7 11.Nd5 Bxd5 12.exd5 Qxa2 13.dxe6 fxe6 14.Rd3 e5 15.Qb4 O-O
16.Ra3 Qe6 17.Bxf6 Bxf6 18.Qxb7 Rab8 19.Qe4 d5 20.Qe2 e4 21.c3 Qb6 22.Nd4 Bxd4
23.cxd4 Qxd4 24.f3 Qb4 25.Re3 Qa5 26.Kb1 Rb4 27.Qd2 Rfb8 28.Rb3 Qc5 29.Rxb4 Rxb4
30.fxe4 Rxe4 31.Rc1 Rc4 32.Rd1 d4 33.Qf4 h5 34.Rd3 Rb4 35.Qe4 Qb5 36.Qa8+ Kh7
37.Qe4+ Kg8 38.Qa8+ Kh7 39.Qe4+ Kh6 40.Qf4+ Qg5 41.Qf8 Qg6 42.Qh8+ Qh7 43.Qxh7+ Kxh7
44.Ra3 Rb7 45.Ra5 Kh6 46.Rd5 Rf7 47.g4 hxg4 48.Rxd4 Kg5 49.Rd2 Kh4 50.Ka2 g5  0-1

[Event "Odorheiu Secuiesc zt"]
[Site "Odorheiu Secuiesc"]
[Date "1995.??.??"]
[Round "8"]
[White "Nevednichy, Vladislav"]
[Black "Manik, Mikulas"]
[Result "1-0"]
[WhiteElo "2485"]
[BlackElo "2380"]

1.e4 c5 2.Nf3 Nc6 3.Bb5 e6 4.Bxc6 bxc6 5.d3 f6 6.O-O Ne7 7.Nh4 g6 8.f4 d6
9.Nf3 Bg7 10.e5 O-O 11.Nc3 f5 12.Re1 Ba6 13.Qe2 Nd5 14.Nd1 Re8 15.c4 Nb6
16.Nf2 Nd7 17.Bd2 g5 18.Nxg5 dxe5 19.Qh5 Nf8 20.fxe5 Bxc4 21.Nf7 Qd7 22.Nd6 Bd5
23.Nxe8 Rxe8 24.Nh3 Rb8 25.Bc3 Ng6 26.Re2 Qc7 27.Rf1 Bxa2 28.Ng5 Nf8 29.Re3 Bd5
30.g4 c4 31.gxf5 exf5 32.e6 Bxc3 33.bxc3 Ng6 34.e7  1-0

[Event "CZE-ch (Women)"]
[Site "Olomouc"]
[Date "1995.??.??"]
[Round "?"]
[White "Svobodova, Michaela"]
[Black "Mackova, Eva"]
[Result "1-0"]
[WhiteElo "2120"]
[BlackElo "2190"]

1.e4 c5 2.Nf3 Nc6 3.Bb5 g6 4.Bxc6 bxc6 5.O-O Bg7 6.Re1 d5 7.d3 e6 8.Qe2 Ne7
9.c4 O-O 10.Nc3 h6 11.Rb1 g5 12.Na4 Ng6 13.Nxc5 g4 14.Nd2 Qh4 15.Nf1 d4 16.b4 Ne5
17.Bf4 f5 18.Bg3 Qh5 19.Bxe5 Bxe5 20.exf5 Rxf5 21.Ne4 Qh4 22.Neg3 Rg5 23.Qe4 Bd7
24.b5 Rc8 25.b6 a6 26.b7 Rb8 27.Nd2 Kh8 28.Nf3  1-0

[Event "CZE-ch"]
[Site "Olomouc"]
[Date "1995.??.??"]
[Round "?"]
[White "Fuksik, Jakub"]
[Black "Rehak, Martin"]
[Result "1-0"]
[WhiteElo "2165"]
[BlackElo "2170"]

1.e4 c5 2.Nf3 Nc6 3.Bb5 g6 4.Bxc6 dxc6 5.h3 e5 6.d3 f6 7.Be3 b6 8.Qd2 Be6
9.a4 h5 10.Nc3 Bh6 11.O-O Bxe3 12.fxe3 Ne7 13.Rad1 Qc7 14.Qe2 O-O-O 15.d4 cxd4
16.exd4 Rhf8 17.Qa6+ Kb8 18.a5 Bc8 19.Qc4 Bd7 20.axb6 axb6 21.dxe5 fxe5 22.Ra1 Nc8
23.Ra3 Rde8 24.Rfa1 Qb7 25.Nb5 Re7 26.Ra7 Nxa7 27.Rxa7 Qxa7 28.Nxa7 Kxa7
29.Qc3 Rfe8 30.Qa3+ Kb7 31.Qd6 Bxh3 32.gxh3 Re6 33.Qd7+ Ka6 34.Ng5 R6e7 35.Qxc6 Rd8
36.Nf3 Rd1+ 37.Kf2 Rh1 38.Qc8+ Ka7 39.Nxe5 Rxe5 40.Qc7+ Ka6 41.Qxe5 Rxh3
42.b4  1-0

[Event "Komercni Banka op"]
[Site "Olomouc"]
[Date "1995.??.??"]
[Round "1"]
[White "Machycek, Lubomir"]
[Black "Konecny, M."]
[Result "1-0"]
[WhiteElo "2145"]
[BlackElo "1990"]

1.e4 c5 2.Nf3 Nc6 3.Bb5 g6 4.O-O Bg7 5.Re1 e5 6.d3 Nge7 7.Bg5 Qc7 8.Nc3 O-O
9.Qd2 d6 10.Bh6 Nd4 11.Bxg7 Nxf3+ 12.gxf3 Kxg7 13.f4 f6 14.Kh1 a6 15.Bc4 b5
16.Bd5 Rb8 17.Nd1 Nxd5 18.exd5 Bg4 19.Kg2 Bxd1 20.Qxd1 g5 21.f5 Qf7 22.Qf3 h5
23.Qe4 Kh6 24.h3 Rg8 25.Reb1 b4 26.Rg1 h4 27.Kf3 Qh5+ 28.Rg4 Kg7 29.Ke3 Kf7
30.Kd2 Ke7 31.Rag1 Qf7 32.Qg2 Kd7 33.Rc4 Kc7 34.Qe4 Rge8 35.Ra1 Qd7 36.a3 bxa3
37.b3 Rb4 38.Rxb4 cxb4 39.Qc4+ Kd8 40.Qxb4 Ke7 41.Qe4 Qa7 42.Qe3 Qb7 43.Ke1 Qxd5
44.Rxa3 Qh1+ 45.Kd2 Qb7 46.Ra4 Rc8 47.Qe4 d5 48.Qb4+ Qxb4+ 49.Rxb4 Rc6 50.c3 Kd6
51.Rb8 Kc7 52.Rf8 Rd6 53.Rf7+ Kc6 54.Kc2 Kc5 55.b4+ Kc6 56.f3 a5 57.bxa5 Kb5
58.Ra7 Rc6 59.Rd7 d4 60.Rd5+ Ka4 61.c4 Kb4 62.Rb5+ Ka4 63.Rb6 Rc5 64.Rxf6 Rxa5
65.Rb6 Ra7 66.Rb5  1-0

[Event "Komercni Banka op"]
[Site "Olomouc"]
[Date "1995.??.??"]
[Round "3"]
[White "Berezjuk, Sergej"]
[Black "Svancara, P."]
[Result "1-0"]
[WhiteElo "2395"]
[BlackElo "2020"]

1.e4 c5 2.Nf3 Nc6 3.Bb5 g6 4.Bxc6 dxc6 5.h3 Bg7 6.d3 e5 7.Be3 b6 8.a4 Qc7
9.a5 Rb8 10.Nbd2 Nf6 11.O-O O-O 12.Nc4 Nh5 13.axb6 axb6 14.Re1 Be6 15.Ra3 Rfd8
16.Qa1 b5 17.Ra7 Rb7 18.Rxb7 Qxb7 19.Ncxe5 Ra8 20.Qc1 c4 21.d4 Nf6 22.Bh6 Nd7
23.Bxg7 Kxg7 24.Rd1 f6 25.Nxd7 Qxd7 26.c3 Re8 27.Re1 h6 28.Qa1 g5 29.Qc1 Bf7
30.Nh2 Bg6 31.f3 h5 32.Nf1 g4 33.hxg4 hxg4 34.Qf4 gxf3 35.Qxf3 Qe6 36.Ng3 c5
37.e5 cxd4 38.cxd4 fxe5 39.Rxe5 Qd6 40.Nf5+ Bxf5 41.Rxe8 Qxd4+ 42.Qf2 Qxf2+
43.Kxf2 b4 44.Rb8 c3 45.Rxb4 cxb2 46.Rxb2 Kf6 47.Kg3 Kg5 48.Rb5 Kf6  1-0

[Event "Orel"]
[Site "Orel"]
[Date "1995.??.??"]
[Round "1"]
[White "Yandemirov, Valeri"]
[Black "Iskusnyh, Sergei"]
[Result "1/2-1/2"]
[WhiteElo "2525"]
[BlackElo "2425"]

1.e4 c5 2.Nf3 Nc6 3.Bb5 g6 4.O-O Bg7 5.c3 Nf6 6.Re1 O-O 7.e5 Nd5 8.d4 cxd4
9.cxd4 d6 10.Nc3 Nxc3 11.bxc3 Bg4 12.exd6 exd6 13.h3 Bxf3 14.Qxf3 Qa5 15.Bxc6 bxc6
16.Re7 Rae8 17.Rxe8 Rxe8 18.Qxc6 Re1+ 19.Kh2 h5 20.Rb1 Kh7 21.Rb5 Qxa2 22.Be3 a5
23.Qd5 Qa1 24.Qxf7 h4 25.Rh5+ gxh5 26.Qxh5+ Kg8 27.Qe8+ Kh7 28.Qh5+ Kg8 29.Qe8+  1/2-1/2

[Event "Orense op"]
[Site "Orense"]
[Date "1995.??.??"]
[Round "6"]
[White "Galego, Luis"]
[Black "Gomez Esteban, Juan Mario"]
[Result "0-1"]
[WhiteElo "2435"]
[BlackElo "2440"]

1.e4 c5 2.Nf3 Nc6 3.Bb5 g6 4.O-O Bg7 5.c3 Nf6 6.Qe2 O-O 7.Bxc6 bxc6 8.d3 d6
9.Na3 Nh5 10.Rd1 e5 11.d4 exd4 12.cxd4 Re8 13.dxc5 d5 14.Qd3 Qa5 15.exd5 Ba6
16.Qc2 Be2 17.Bd2 Qa6 18.Be3 Rab8 19.Nd4 Bxd1 20.Rxd1 cxd5 21.h3 Nf6 22.Bf4 Rb4
23.Be3 Ne4 24.Nb3 Qc6 25.Qc1 Qf6 26.Rxd5 Qxb2 27.Qxb2 Bxb2 28.Nc2 Rc4 29.Ncd4 Bxd4
30.Bxd4 Nc3 31.Bxc3 Rxc3 32.Nd4 Rc8 33.c6 a6 34.Rd7 Kf8 35.Kh2 Rc4 36.Rd5 Ke7
37.Rd7+ Ke8 38.Nf3 R4xc6 39.Ra7 R8c7 40.Ra8+ Rc8 41.Ra7 R8c7 42.Ra8+ Ke7  0-1

[Event "Pardubice op"]
[Site "Pardubice"]
[Date "1995.??.??"]
[Round "?"]
[White "Tolstikh, Nikolay"]
[Black "Michalek, Jan"]
[Result "1-0"]
[WhiteElo "2405"]
[BlackElo "2300"]

1.e4 c5 2.Nf3 Nc6 3.Bb5 e6 4.O-O Nge7 5.c3 a6 6.Ba4 b5 7.Bc2 Bb7 8.Qe2 d5
9.e5 d4 10.Be4 Nd5 11.d3 Be7 12.c4 bxc4 13.dxc4 Nb6 14.Ne1 Qc7 15.b3 Nd7
16.f4 O-O-O 17.Nd3 Rdg8 18.Nd2 h6 19.Bf3 g5 20.Ne4 Nb4 21.Nxb4 cxb4 22.c5 Nxc5
23.Nd6+ Bxd6 24.exd6 Qxd6 25.Bb2 Rd8 26.Rad1 Bxf3 27.Qxf3 Qd5 28.Rxd4 Qxf3
29.Rxf3 e5 30.Rc4 Rd1+ 31.Rf1 Rd5 32.Rfc1  1-0

[Event "Pardubice op"]
[Site "Pardubice"]
[Date "1995.??.??"]
[Round "?"]
[White "Berezjuk, Sergej"]
[Black "Greenfeld, Alon"]
[Result "1/2-1/2"]
[WhiteElo "2385"]
[BlackElo "2570"]

1.e4 c5 2.Nf3 Nc6 3.Bb5 e6 4.O-O Nge7 5.b3 a6 6.Bxc6 Nxc6 7.Bb2 b5 8.a4 b4
9.d4 cxd4 10.Nxd4 Qf6 11.Ra2 Nxd4 12.Bxd4 e5 13.Be3 Bb7 14.f3 Rc8 15.Qd3 Bc5
16.Nd2 d5 17.exd5 Bxd5 18.Bxc5 Rxc5 19.a5 Rxa5 20.Rfa1 Rxa2 21.Rxa2 Bb7 22.Nc4 O-O
23.Qd6 Rd8 24.Qxf6 gxf6 25.Ra4 Bd5  1/2-1/2

[Event "Pardubice op"]
[Site "Pardubice"]
[Date "1995.??.??"]
[Round "?"]
[White "Kuzmin, Gennadi P"]
[Black "Zontakh, Andrey"]
[Result "1/2-1/2"]
[WhiteElo "2525"]
[BlackElo "2460"]

1.e4 c5 2.Nf3 Nc6 3.Bb5 e6 4.Bxc6 bxc6 5.O-O Ne7 6.c3 Ng6 7.d4 d5 8.Qa4 Bd7
9.Qc2 Qb6 10.Nbd2 cxd4 11.cxd4 Be7 12.Nb3 O-O 13.Be3 a5 14.Ne5 Rfd8 15.Rac1 Rab8
16.Nxd7 Rxd7 17.g3 a4 18.Nd2 Ra7 19.Rb1 Qa6 20.Rfe1 Rab7 21.b3 Ba3 22.Red1 axb3
23.axb3 Qb5 24.Ra1 Bb4 25.Rdc1 Bxd2 26.Bxd2 Qxb3 27.Qxb3 Rxb3 28.Rxc6 dxe4
29.Ra7 h5 30.Rcc7 Rf3 31.h4 Rb1+ 32.Rc1 Rxc1+ 33.Bxc1 Rf5 34.Ra8+ Kh7 35.Ra7 Nh8
36.Be3 Rd5 37.Kg2 Rd6 38.Kh3 f6 39.g4 hxg4+ 40.Kxg4 Rd5 41.h5 Kg8  1/2-1/2

[Event "Pardubice op"]
[Site "Pardubice"]
[Date "1995.??.??"]
[Round "?"]
[White "Nikolenko, Oleg"]
[Black "Schoen, Wolfram"]
[Result "1-0"]
[WhiteElo "2475"]
[BlackElo "2400"]

1.e4 c5 2.Nf3 Nc6 3.Bb5 g6 4.O-O Bg7 5.Re1 Nf6 6.e5 Nd5 7.Nc3 Nc7 8.Bxc6 dxc6
9.Ne4 Ne6 10.d3 O-O 11.Be3 b6 12.Qd2 Nd4 13.Nxd4 cxd4 14.Bh6 Bf5 15.Ng3 Bxh6
16.Qxh6 Qd7 17.Nxf5 gxf5 18.e6 fxe6 19.Qxe6+ Qxe6 20.Rxe6 Kf7 21.Rae1 Rfe8
22.Rxc6 Rac8 23.Ree6 Red8 24.f4 Rxc6 25.Rxc6 Rd5 26.Kf2 Ra5 27.a3 Rb5 28.b3 Ra5
29.a4 Rc5 30.Rxc5 bxc5 31.a5 Ke6 32.Kg3 Kf6 33.Kh4 Kg6 34.h3 h5 35.g4 hxg4
36.hxg4 fxg4 37.Kxg4 Kf6 38.f5 Ke5 39.Kg5 a6 40.Kg6 Kf4 41.Kf7 Kxf5 42.Kxe7 Kf4  1-0

[Event "Paris op"]
[Site "Paris"]
[Date "1995.??.??"]
[Round "?"]
[White "Skripchenko, Almira"]
[Black "Spiridonov, Nikola"]
[Result "0-1"]
[WhiteElo "2260"]
[BlackElo "2420"]

1.e4 c5 2.Nf3 Nc6 3.Bb5 e6 4.O-O Nge7 5.c3 d5 6.exd5 Qxd5 7.d4 cxd4 8.Nxd4 Bd7
9.Be2 Nxd4 10.cxd4 Bc6 11.Bf3 Qd7 12.Nc3 Rd8 13.Bg5 h6 14.d5 hxg5  0-1

[Event "Paris op"]
[Site "Paris"]
[Date "1995.??.??"]
[Round "?"]
[White "Tseitlin, Mark D"]
[Black "Nikcevic, Nebojsa"]
[Result "1-0"]
[WhiteElo "2495"]
[BlackElo "2435"]

1.e4 c5 2.Nf3 Nc6 3.Bb5 Nf6 4.Nc3 e5 5.Bxc6 dxc6 6.Nxe5 Nxe4 7.Nxe4 Qd4 8.Qe2 Qxe5
9.f4 Qe7 10.f5 Qe5 11.Rf1 Be7 12.d4 cxd4 13.Bf4 Qa5+ 14.Bd2 Qa6 15.Nd6+ Kf8
16.Nc4 c5 17.O-O-O Bd7 18.Rde1 Bf6 19.Ne5 Bb5 20.Qe4 Qxa2 21.Bf4 Qa1+ 22.Kd2 Qxb2
23.Qxb7 Qb4+ 24.Kc1  1-0

[Event "WchT U26"]
[Site "Parnaiba"]
[Date "1995.??.??"]
[Round "?"]
[White "Barria, Daniel"]
[Black "Cueto, Johny"]
[Result "1/2-1/2"]
[WhiteElo "2285"]
[BlackElo "2165"]

1.e4 c5 2.Nf3 Nc6 3.Bb5 g6 4.O-O Bg7 5.c3 Nf6 6.Qe2 O-O 7.e5 Ne8 8.d4 cxd4
9.cxd4 d5 10.Nc3 Nc7 11.Bxc6 bxc6 12.Rd1 Rb8 13.h3 h6 14.Be3 Ne6 15.Rac1 Bd7
16.Na4 Qa5 17.b3 Kh7 18.Ne1 f5 19.f4 Rfe8 20.Nd3 Qd8 21.Kh2 Nc7 22.Ndc5 e6
23.Rc2 Bc8 24.g4 Rg8 25.Rg1 Bf8 26.Qd3 Rg7 27.Rcg2 Qe7 28.g5 h5 29.Rc2 Qe8
30.Rgc1 Nb5 31.Kg3 Na3 32.Rh2 Nb5 33.Kf3 Be7 34.h4 Bd8 35.Nb2 Bb6 36.a4 Nc7
37.Qc3  1/2-1/2

[Event "Petah Tiqwa"]
[Site "Petah Tiqwa"]
[Date "1995.??.??"]
[Round "?"]
[White "Krays, Alexander"]
[Black "Soffer, Ram"]
[Result "0-1"]
[WhiteElo "2385"]
[BlackElo "2535"]

1.e4 c5 2.Nf3 Nc6 3.Bb5 g6 4.O-O Bg7 5.c3 Nf6 6.e5 Nd5 7.d4 cxd4 8.cxd4 O-O
9.Re1 d6 10.h3 dxe5 11.Bxc6 bxc6 12.dxe5 Nb4 13.Qa4 Qb6 14.Na3 Ba6 15.Be3 c5
16.Rec1 Nd3 17.Rc2 Bb7 18.Qg4 h5 19.Qg3 Rac8 20.Nc4 Qe6 21.b3 Bd5 22.Bf4 Rfd8
23.Rd1 Qf5 24.Ne3 Qxf4 25.Rxd3 Qxg3 26.fxg3 Bxf3 27.Rxd8+ Rxd8 28.gxf3 Bxe5
29.Kf2 Bd4 30.Ke2 Rd6 31.Nc4 Re6+ 32.Kf1 f5 33.Re2 Kf7 34.g4 Rxe2 35.Kxe2 e5
36.gxf5 gxf5 37.Na5 Ke6 38.Nc6 a6 39.Nb8 a5 40.Nc6 Bc3 41.Kd3 Bb4 42.Nd8+ Kd5
43.Nf7 e4+ 44.fxe4+ fxe4+ 45.Ke3 Ba3 46.Nd8 Bc1+ 47.Ke2 Bf4 48.Kf2 Bc7 49.Nf7 Ke6
50.Ng5+ Kf5 51.h4 Bd8 52.Nf7 Bxh4+ 53.Ke3 Bg5+ 54.Kf2 Be7  0-1

[Event "Petah Tiqwa"]
[Site "Petah Tiqwa"]
[Date "1995.??.??"]
[Round "?"]
[White "Krays, Alexander"]
[Black "Heruti, Ofer"]
[Result "1-0"]
[WhiteElo "2385"]
[BlackElo "2165"]

1.e4 c5 2.Nf3 Nc6 3.Bb5 g6 4.Bxc6 dxc6 5.h3 Bg7 6.d3 b6 7.O-O e5 8.Nc3 f6
9.Be3 Nh6 10.a4 a5 11.Nd2 Nf7 12.Nc4 Be6 13.b3 O-O 14.Ne2 f5 15.f3 f4 16.Bd2 Rb8
17.Bc3 Qg5 18.Kh2 Qh5 19.Rh1 Bf6 20.Nxf4 exf4 21.Bxf6 Nh6 22.Bb2 Qg5 23.Qe1 Rfd8
24.Ne5 Rbc8 25.Kg1 Kf8 26.h4 Qe7  1-0

[Event "World op"]
[Site "Philadelphia"]
[Date "1995.??.??"]
[Round "1"]
[White "Curdo, John"]
[Black "Gross, Daniel"]
[Result "1-0"]
[WhiteElo "2275"]
[BlackElo "2140"]

1.e4 c5 2.Nf3 Nc6 3.Bb5 g6 4.c3 Nf6 5.Qe2 Bg7 6.O-O O-O 7.h3 Qb6 8.Na3 d6
9.d3 a6 10.Ba4 Bd7 11.Bb3 Rac8 12.Bg5 h6 13.Be3 Na5 14.Bd1 Qc7 15.b4 cxb4
16.cxb4 Qc3 17.Nc2 Bb5 18.Nfe1 Nc4 19.Bd4  1-0

[Event "World op"]
[Site "Philadelphia"]
[Date "1995.??.??"]
[Round "6"]
[White "Shliperman, Igor"]
[Black "Fishbein, Alexander"]
[Result "1-0"]
[WhiteElo "2320"]
[BlackElo "2550"]

1.e4 c5 2.Nf3 Nc6 3.Bb5 g6 4.c3 Bg7 5.O-O Nf6 6.e5 Nd5 7.d4 cxd4 8.cxd4 O-O
9.Nc3 Nxc3 10.bxc3 d6 11.exd6 Qxd6 12.a4 Qc7 13.Re1 e6 14.Bg5 Bd7 15.Bh4 Rac8
16.Ng5 Ne7 17.Ne4 Bxb5 18.axb5 Nd5 19.Rc1 Ne7 20.Bg3 Qd7 21.Nd6 Rcd8 22.Ra1 Nc8
23.Nxc8 Rxc8 24.Qb3 b6 25.Ra3 Rfd8 26.Rea1 Qd5 27.Qxd5 exd5 28.f3 Bh6 29.Be1 Re8
30.Rxa7 Re2 31.R7a2 Rce8 32.Kf1 R2e6 33.Bf2 Bf4 34.Re1 Rc8 35.Rxe6 fxe6 36.Be1 Rc7
37.Ra6 Rb7 38.g3 Bd6 39.Ke2 Kf7 40.Kd3 Ke7 41.Bd2 Kd7 42.Ra8 Bb8 43.Bg5 e5
44.Bf6 exd4 45.Bxd4 h5 46.f4 h4 47.Ke3 hxg3 48.hxg3 Ke6 49.Ra6 Kf5 50.Kf3  1-0

[Event "World op"]
[Site "Philadelphia"]
[Date "1995.??.??"]
[Round "6"]
[White "Ariel, Donny"]
[Black "Song, Paul"]
[Result "1-0"]
[WhiteElo "2270"]
[BlackElo "2190"]

1.e4 c5 2.Nf3 Nc6 3.Bb5 g6 4.O-O Bg7 5.c3 a6 6.Bxc6 bxc6 7.d4 cxd4 8.cxd4 Nh6
9.Bf4 f6 10.Qd2 Nf7 11.e5 O-O 12.Re1 e6 13.Nc3 f5 14.Na4 h6 15.h4 Kh7 16.Kh2 Rg8
17.Rg1 Bf8 18.g4 Be7 19.g5 h5 20.Qe1 Rb8 21.Bd2 Qc7 22.Ba5 Qb7 23.Bb6 c5
24.Qe3 Qc6 25.Bxc5 d6 26.exd6 Bxd6+ 27.Bxd6 Qxd6+ 28.Ne5 Rb4 29.Kh3 Nxe5
30.dxe5 Qc6 31.Nc5 Rc4 32.Rac1 f4 33.Qa3 Rxc1 34.Rxc1 Bb7 35.f3 Rc8 36.Qb3 Qxf3+
37.Qxf3 Bxf3 38.Nd3 Bg4+ 39.Kg2 f3+ 40.Kf2 Rd8 41.Ke3 Rd5 42.b4 Bf5 43.Nf2 Rxe5+
44.Kxf3 Rd5 45.a3 Rd4 46.Rc6 a5 47.b5 e5 48.b6 Rd7 49.Rc7 Kg8 50.Rxd7 Bxd7
51.Ne4 Bc6 52.Ke3  1-0

[Event "World op"]
[Site "Philadelphia"]
[Date "1995.??.??"]
[Round "8"]
[White "Ariel, Donny"]
[Black "Manion, Josh"]
[Result "0-1"]
[WhiteElo "2270"]
[BlackElo "2360"]

1.e4 c5 2.Nf3 Nc6 3.Bb5 g6 4.O-O Bg7 5.c3 Nf6 6.Re1 O-O 7.d4 d5 8.exd5 Qxd5
9.c4 Qd6 10.d5 Nd4 11.Nxd4 cxd4 12.Nd2 a6 13.Ba4 b5 14.Bc2 bxc4 15.Nxc4 Qc5
16.b3 Nxd5 17.Ba3 Qa7 18.Be4 Nc3 19.Qf3 Nxe4 20.Qxe4 Be6 21.Ne5 Bf6 22.Rad1 Rfc8
23.Bb2 Qc5 24.Rd2 Qa5 25.Qxd4 Qxa2 26.b4 Qa4 27.h4 Rc4 28.Qe3 Rxb4 29.Nd3 Rxb2
30.Nxb2 Qxh4 31.Red1 Kg7 32.Nd3 a5 33.Nf4 Bf5 34.Nd5 a4 35.Nxf6 Qxf6 36.Ra2 Be6
37.Raa1 Ra5 38.Rd4 a3 39.Qd2 a2 40.Qd1  0-1

[Event "Plzen opJ"]
[Site "Plzen"]
[Date "1995.??.??"]
[Round "8"]
[White "Fuksik, Jakub"]
[Black "Stojnic, Miodrag"]
[Result "1-0"]
[WhiteElo "2185"]
[BlackElo "2095"]

1.e4 c5 2.Nf3 Nc6 3.Bb5 g6 4.Bxc6 dxc6 5.h3 e5 6.d3 f6 7.Be3 Nh6 8.Nc3 Nf7
9.O-O g5 10.Nh2 h5 11.Ne2 Be6 12.Ng3 h4 13.Nf5 Nh6 14.Nxh6 Rxh6 15.Qf3 Qd7
16.Rfd1 Rg6 17.Qh5 Bf7 18.c3 Qe6 19.Qf3 Bd6 20.Ng4 Kf8 21.b3 Kg7 22.Rd2 Rf8
23.d4 cxd4 24.cxd4 Bb4 25.Rd3 Be8 26.Rad1 Be7 27.Qf5 Bd7 28.Qxe6 Bxe6 29.dxe5 Bxg4
30.hxg4 a6 31.Rd7 Rf7 32.exf6+ Rgxf6 33.Bd4  1-0

[Event "Polanica Zdroj op"]
[Site "Polanica Zdroj"]
[Date "1995.??.??"]
[Round "1"]
[White "Oliwa, Marek"]
[Black "Ponceleusz, Bronislaw"]
[Result "1-0"]
[WhiteElo "2420"]
[BlackElo "2130"]

1.e4 c5 2.Nf3 Nc6 3.Bb5 g6 4.O-O Bg7 5.Re1 Nf6 6.c3 O-O 7.d4 cxd4 8.cxd4 d5
9.e5 Ne4 10.Nc3 Nxc3 11.bxc3 Na5 12.Bf4 h6 13.Qd2 Kh7 14.Bd3 Be6 15.h4 Bg4
16.Nh2 Be6 17.h5 Qd7 18.Qc2 Kh8 19.Bd2 gxh5 20.Qc1 Bf5 21.Be2 Qe6 22.Bxh5 Rg8
23.Nf1 Nc4 24.Bf4 Bg6 25.Bf3 Kh7 26.Ne3 Nxe3 27.Qxe3 Rac8 28.g3 Bf5 29.Kg2 Bh3+
30.Kh2 Bf5 31.Rh1 Rc6 32.Kg2 Rgc8 33.Rac1 Kg8 34.c4 Rxc4 35.Rxc4 Rxc4 36.Bxh6 Bh8
37.Qg5+ Qg6 38.Qxe7 Rc8 39.Qxb7 Bg7 40.Bxg7 Kxg7 41.Qxd5 Rc2 42.Qd8 Rc8 43.Qe7 Rc3
44.Rh4  1-0

[Event "Polanica Zdroj op"]
[Site "Polanica Zdroj"]
[Date "1995.??.??"]
[Round "1"]
[White "Matyszkiewicz, Marcin"]
[Black "Mochalov, Evgeny V"]
[Result "0-1"]
[WhiteElo "2155"]
[BlackElo "2470"]

1.e4 c5 2.Nf3 Nc6 3.Bb5 g6 4.O-O Bg7 5.Re1 Nf6 6.c3 O-O 7.d4 d5 8.e5 Ne4
9.Ng5 Nxg5 10.Bxg5 f6 11.exf6 exf6 12.Be3 Qb6 13.Qa4 c4 14.b3 Na5 15.bxc4 a6
16.Bd7 Nxc4 17.Nd2 Qc7 18.Bxc8 Rfxc8 19.Nxc4 Qxc4 20.Qxc4 Rxc4 21.Bd2 Kf7
22.a4 b6 23.Reb1 Rb8 24.Kf1 Bf8 25.Ke2 Bd6 26.Kd3 h5 27.h4 Rc6 28.Re1 Re8
29.Rxe8 Kxe8 30.Rb1 Kd7 31.Rc1 Rc4 32.Ra1 Bc7 33.Bh6 Bd8 34.Bd2 Rc6 35.Rc1 Rc4
36.Ra1 Ke6 37.f3 Bc7 38.g4 Kf7 39.Be1 Rc6 40.Rc1 Rc4 41.Ra1 Rc6 42.Rc1 Re6
43.gxh5 gxh5 44.Bf2 Bf4 45.Rc2 Rc6 46.c4 dxc4+ 47.Rxc4 Rxc4 48.Kxc4 Ke6 49.d5+ Kd7
50.Kd4 f5 51.Kc4 Bd6 52.Bd4 Bg3 53.Bf6 Kd6 54.Bg5 Bh2 55.Bd8 b5+ 56.axb5 axb5+
57.Kxb5 Kxd5 58.Bf6 Be5 59.Bg5 Kd4 60.Kc6 f4 61.Kd7 Ke3 62.Ke6 Bb8 63.Kf5 Kxf3
64.Be7 Kg3 65.Kg5 f3 66.Bc5 Kh3 67.Kxh5 Bg3 68.Kg5 Bxh4+ 69.Kf5  0-1

[Event "Polanica Zdroj op"]
[Site "Polanica Zdroj"]
[Date "1995.??.??"]
[Round "7"]
[White "Weglarz, Leszek"]
[Black "Stripunsky, Alexander"]
[Result "1-0"]
[WhiteElo "2350"]
[BlackElo "2495"]

1.e4 c5 2.Nf3 Nc6 3.Bb5 d6 4.O-O Bd7 5.Re1 Nf6 6.c3 a6 7.Bf1 Bg4 8.h3 Bxf3
9.Qxf3 g6 10.Na3 Bg7 11.Nc2 Nd7 12.Qd1 Qb6 13.Rb1 O-O 14.b4 cxb4 15.d4 Qc7
16.Nxb4 Nxb4 17.Rxb4 Rab8 18.Bd2 e5 19.Qa4 Ra8 20.Rc4 Qd8 21.Qa3 Nb6 22.Rb4 exd4
23.cxd4 a5 24.Rb5 Bxd4 25.Be3 Bxe3 26.Qxe3 Nd7 27.Rxb7 Nc5 28.Rbb1 Re8 29.Qd4 Qe7
30.Bb5 Red8 31.Bc6 Rab8 32.Bd5 Rxb1 33.Rxb1 Re8 34.Rb6 a4 35.g3 a3 36.h4 Ne6
37.Qc3 Nc7 38.Bb3 Ne6 39.Qb4 Nc5 40.Bd5 Qf6 41.Qxa3 Kg7 42.Rb4 Qa1+ 43.Kg2 Qe1
44.Qb2+ f6 45.Rb7+ Nxb7 46.Qxb7+ Kh6 47.Qf7 Rc8 48.Qxf6 Rc1 49.Kh3 Qc3 50.Qf8+ Qg7
51.Qf4+ g5 52.Qxc1  1-0